• 首页
  • 本馆介绍
  • 公告通知
  • 最新文献
  • 馆藏检索
  • 电子资源
  • 读者导购
  • 参考咨询
  • 我的图书馆
  • 登录
  • 详细信息显示
  • 放入我的书架
  • 预约/预借图书
  • 作者相关作品
  • 分类相关作品
  • 丛书相关作品
  • 出版社相关作品

书目信息

  • 表格格式
  • 工作单格式
  • 卡片格式
题名:
手工刺绣
    
 
作者: 李宏复 , 邝日红 著
分册:  
出版信息: 北京   中国社会出版社  2005.10
页数: 70页
开本: 20cm
丛书名:
单 册:
中图分类: J523.6
科图分类:
主题词: 刺绣--中国--图集 , 刺绣--工艺美术--技法(美术)--中国
电子资源:
ISBN: 7-5087-0888-1
000 01056nam0 2200325 450
000 01019nam0 2200313 450
000 01017nam0 2200325 450
000 00963nam0 2200301 450
000 00992nam0 2200289 450
000 00955nam0 2200277 45
001 TS2006047372
005 20061203110106.60
010    @a7-5087-0888-1@dCNY15.00
100    @a20060829d2005 em y0chiy0110 ea
101 0  @achi
102    @aCN@b110000
105    @ay z 000yy
200 1  @a手工刺绣@AShou Gong Ci Xiu@f李宏复,邝日红著@FLi Hong Fu, Kuang Ri Hong Zhu
210    @a北京@c中国社会出版社@d2005.10
215    @a70页@c图@d20cm
606    @a刺绣@y中国@x图集
606 0  @a刺绣@x工艺美术@x技法(美术)@y中国
690    @aJ523.6@v4
701  0 @a李宏复@ALi Hong Fu@4著
701    @a邝日红@AKuang Ri Hong@4著
801  0 @aCN@b中图数据@c20061203
905    @a10447@dJ523.6@e176
    
    手工刺绣/李宏复,邝日红著.-北京:中国社会出版社,2005.10
    70页:图;20cm
    
    
    ISBN 7-5087-0888-1:CNY15.00
    
●
相关链接 在E读中查询图书 在五车中查询图书 在当当中查询图书 在豆瓣中查询图书


正题名:手工刺绣     索取号:J523.6/176         预约/预借

序号 登录号 条形码 馆藏地/架位号 状态 备注
1 0605950   206059502   第一样本阅览室/ [索取号:J523.6/176] 在馆    
2 0605951   206059511   第一借阅区/ [索取号:J523.6/176] 在馆    
3 0605952   206059520   第一借阅区/ [索取号:J523.6/176] 在馆    
4 0605953   206059539   第一借阅区/ [索取号:J523.6/176] 在馆    
5 0605954   206059548   第一借阅区/ [索取号:J523.6/176] 在馆    
6 0605955   206059557   第一借阅区/ [索取号:J523.6/176] 在馆    
唐山师范学院图书馆 欢迎您!
大连网信软件有限公司© 版权所有